• 首页
  • 本馆介绍
  • 公告通知
  • 最新文献
  • 馆藏检索
  • 电子资源
  • 读者导购
  • 参考咨询
  • 我的图书馆
  • 登录
  • 详细信息显示
  • 放入我的书架
  • 预约/预借图书
  • 作者相关作品
  • 分类相关作品
  • 丛书相关作品
  • 出版社相关作品

书目信息

  • 表格格式
  • 工作单格式
  • 卡片格式
题名:
飞龙在天
    
 
作者: 王天玺 著
分册:  
出版信息: 北京   红旗出版社  2016.07
页数: 381页, [1] 页图版
开本: 25cm
丛书名:
单 册:
中图分类: D621 , D771.221
科图分类:
主题词: 政治制度--zheng zhi zhi du--对比研究--中国--美国
电子资源:
ISBN: 978-7-5051-3842-1
000 01047nam0 2200289 450
001 CAL 008511760
005 20171211152100.75
010    @a978-7-5051-3842-1@b@dCNY58.00
100    @a20170711d2016 em y0chiy50 ea
101 0  @achi
102    @aCN@b110000
105    @aaf z 000yy
106    @ar
200 1  @a飞龙在天@Afei long zai tian@e中国超越美国@f王天玺著@g
210    @a北京@c红旗出版社@d2016.07
215    @a381页, [1] 页图版@c图@d25cm
300    @a云南省哲学社会科学规划重大项目成果
314    @a王天玺, 是具有丰富实践经验的哲学家、理论家和民族学家。
330    @a本书从经济、政治、文化、军事、科技、人才、民族凝聚力、社会创造力、国际影响力和国家统合力等十个方面进行比较和研究, 论证了社会主义的优越性, 代替资本主义的必然性。
517 1  @a中国超越美国@Azhong guo chao yue mei guo
606 0  @a政治制度@Azheng zhi zhi du@x对比研究@y中国@y美国
690    @aD621@v5
690    @aD771.221@v5
701  0 @a王天玺@Awang tian xi@4著
801  0 @aCN@b人天书店@c20170711@g
905    @aBZT@dD621@e6
906    @dCNY58.00@n3@r1
    
    飞龙在天:中国超越美国/王天玺著.-北京:红旗出版社,2016.07
    381页, [1] 页图版:图;25cm
    云南省哲学社会科学规划重大项目成果
    
    ISBN 978-7-5051-3842-1:CNY58.00
    本书从经济、政治、文化、军事、科技、人才、民族凝聚力、社会创造力、国际影响力和国家统合力等十个方面进行比较和研究, 论证了社会主义的优越性, 代替资本主义的必然性。
●
相关链接 在五车中查询图书 在当当中查询图书 在豆瓣中查询图书


正题名:飞龙在天     索取号:D621/6         预约/预借

序号 登录号 条形码 馆藏地/架位号 状态 备注
1 840074   2000840074   思政阅览室/思1架B面4层7列/ [索取号:D621/6] 在馆    
2 840075   2000840075   第二书库/ [索取号:D621/6] 在馆    
3 840076   2000840076   第二书库/ [索取号:D621/6] 在馆    
山东省滨州职业学院图书馆 欢迎您!
大连网信软件有限公司© 版权所有